Appeal of limited liability (Record no. 68787)

MARC details
000 -LEADER
fixed length control field 01156cam a2200193 4500
001 - CONTROL NUMBER
control field WB3742-07
008 - FIXED-LENGTH DATA ELEMENTS--GENERAL INFORMATION
fixed length control field 011105n2001 000 0 eng u
035 ## - SYSTEM CONTROL NUMBER
System control number (Sirsi) u115498
245 ## - TITLE STATEMENT
Title Appeal of limited liability
260 ## - PUBLICATION, DISTRIBUTION, ETC.
Date of publication, distribution, etc. 2001
490 ## - SERIES STATEMENT
Series statement Building Design
Volume/sequential designation (1507) 26 October 2001, 2(1)
520 ## - SUMMARY, ETC.
Summary, etc. According to a new book - "Limited Liability Partnerships, a Guide for Professionals", 88% of architectural partnerships are considering changing to a Limited Liability Partnership (LLP). LLPs are a new form of company, permitted by legislation that came into force in April 2001, that were introduced to limit the financial liability of company members. The Centre of Construction Law and Management's text advises on steps a practice should take before registering as an LLP, and looks at the legal, financial and personnel issues involved. "Limited Liability Partnerships, a Guide for Professionals" is available for loan from the RICS Library.
590 ## - LOCAL NOTE (RLIN)
Local note WB
650 ## - SUBJECT ADDED ENTRY--TOPICAL TERM
Topical term or geographic name entry element LIMITED LIABILITY PARTNERSHIPS
650 ## - SUBJECT ADDED ENTRY--TOPICAL TERM
Topical term or geographic name entry element ARCHITECTURAL PRACTICES
650 ## - SUBJECT ADDED ENTRY--TOPICAL TERM
Topical term or geographic name entry element PARTNERSHIPS
690 ## - LOCAL SUBJECT ADDED ENTRY--TOPICAL TERM (OCLC, RLIN)
Topical term or geographic name as entry element MANAGEMENT-BUSINESS MANAGEMENT
942 ## - ADDED ENTRY ELEMENTS (KOHA)
Suppress in OPAC 0
Holdings
Withdrawn status Lost status Source of classification or shelving scheme Damaged status Not for loan Home library Current library Shelving location Date acquired Total Checkouts Full call number Barcode Date last seen Copy number Price effective from Koha item type
    Dewey Decimal Classification     London London News article 05/11/2001   WB3742-07 115498-1001 06/08/2019 1 06/08/2019 News article